Land des Segens?

Titel: Land des Segens? : Fragen an die Geschichte Siebenbürgens und seiner Sachsen / Paul Philippi
Verfasser:
Ausgabe: 1. Auflage
Veröffentlicht: Köln : Böhlau Köln, 2007
Umfang: 384 Seiten
Format: Buch
Sprache: Deutsch
Schriftenreihe/
mehrbändiges Werk:
Siebenbürgisches Archiv ; 39
Schlagworte:
ISBN: 9783412200480 ; 3412200484
Buchumschlag
X
Lokale Klassifikation: 55 8 S 5 ; 55 11 G ; 55 11 A
alg: 19411586
001A    $03004:08-01-08 
001B    $01999:29-07-24 $t09:00:14.000 
001D    $03004:08-01-08 
001U    $0utf8 
001X    $00 
002@    $0Aau 
002C    $aText $btxt $2rdacontent 
002D    $aohne Hilfsmittel zu benutzen $bn $2rdamedia 
002E    $aBand $bnc $2rdacarrier 
003@    $0194115860 
003O    $0229969258 $aOCoLC 
004A    $A978-3-412-20048-0 $fPb. : ca. EUR 37.90, ca. EUR 39.00 (AT) 
004A    $03-412-20048-4 $fPb. : ca. EUR 37.90, ca. EUR 39.00 (AT) 
004K    $09783412200480 
006G    $0984249729 
006T    $007,N24,2576 
006U    $008,A08,2392 $f20070516 
007A    $0984249729 $aDNB 
007G    $0DE020795B0024538B426EC1257C130042A350 
007T    $0Herdc0019600m 
009P    $qtext/html $A2 $3Inhaltstext $uhttp://deposit.dnb.de/cgi-bin/dokserv?id=2958772&prov=M&dok_var=1&dok_ext=htm 
009P    $qapplication/pdf $A2 $3Inhaltsverzeichnis $uhttp://scans.hebis.de/HEBCGI/show.pl?19411586_toc.pdf $mV:DE-603;B:DE-Mb50 
010@    $ager 
011@    $a2007 $n2007 
021A    $aLand des Segens? $dFragen an die Geschichte Siebenbürgens und seiner Sachsen $hPaul Philippi 
028A    $BVerfasser $4aut $7118813358 $8Philippi, Paul$Z1923-2018 [Tp1] $9087153920 
032@    $a1. Auflage 
033A    $pKöln $nBöhlau Köln 
034D    $a384 Seiten 
036E    $aSiebenbürgisches Archiv $l39 
036F    $x239 $8Siebenbürgisches Archiv $9009887555 $l39 
044K    $qDNB $RRumänien $#Siebenbürgen $#Siebenbürgen $#Fürstentum Siebenbürgen $#Transsilvanien $#Transsylvanien $#Transilvania $#Transylvania $#Ardeal $#Erdély $#Siedmiogród $#Sedmohradsko $#Sedmihradsko $74054835-1 $8Siebenbürgen [Tg1] $9085152552 
045E    $c940 
045F    $a949.84 $eDDC22ger 
045F/01 $a949.8 
045F/03 $g4984 
045G    $a200.9498 $eDDC23BSB 
045G/01 $a200.9 
045G/03 $g498 
045R    $aGeschichte 

lok: 19411586 24
101B    $015-02-08 $t11:21:16.000 
101C    $015-02-08 
101U    $0utf8 
145Z/01 $a55 8 S 5 
145Z/02 $a55 11 G 
145Z/03 $a55 11 A 

exp: 19411586 24 1 #EPN
201B/01 $015-02-08 $t11:21:16.000 
201C/01 $008-01-08 
201U/01 $0utf8 
203@/01 $0522925367 
208@/01 $a15-02-08 $bz 
209A/01 $a07.6545 $du $f050 $h07 6545 $x00 
209C/01 $a07.6545 G $h07 6545 G 
209G/01 $a72055276 $x00 
220C/01 $ahae 
247C/01 $8358050-7 Marburg, Bibliothek des Herder-Instituts Marburg $9102600961 

lok: 19411586 78

exp: 19411586 78 1 #EPN
201B/01 $020-12-17 $t22:56:24.000 
201U/01 $0utf8 
203@/01 $0791859037 
208@/01 $a12-11-16 $be 
209A/01 $a/ $f000 $x00 
220C/01 $aTitelaufnehmer: nk;ha 
237A/01 $aweiterführende Signatur(en): HI 07.6545 
244Z/01 $2Trx $#Ungari $#Vengrija $#Ungārija $#Ungarn $#Hungary $#Węgry $#Maďarsko $#Maďarsko $#Uhorsko $#Uhersko;Uhry $8--Trx--Magyarország $x01 $9391197150 
244Z/01 $#Siebenbürgen $#Siebenbürgen $#Fürstentum Siebenbürgen $#Transsilvanien $#Transsylvanien $#Transilvania $#Transylvania $#Ardeal $#Erdély $#Siedmiogród $#Sedmohradsko $#Sedmihradsko $74054835-1 $8--Tg1--Siebenbürgen $x02 $9085152552 
244Z/01 $2Trx $#transilvaania saksid $#Transilvanijos saksai $#Transylvanian Saxons $#erdélyi szászok $#sedmohradskí Sasi $#sedmihradští Sasové $8--Trx--Siebenbürger Sachsen $x03 $9391380044 
244Z/01 $2Trx $#kirikud, evangeelsed $#bažnyčios, evangelikų $#Churches, Protestant $#templomok, evangélikus $#kościoły ewangelickie $#cirkvi evanjelické $#církve evangelické $#kościół ewangelicko-augsburski $#kościół ewangelicko-luterański $#kościół luterański $8--Trx--Kirchen, evangelische $x04 $9391382926 
244Z/01 $2Trx $#reformatsioon 1517-1555 $#reformacija 1517-1555 $#reformation 1517-1555 $#reformáció 1517-1555 $#reformacja 1517-1555 $#reformácia 1517-1555 $#reformace 1517-1555 $8--Trx--Reformation$g1517-1555 $x05 $9391360809 
244Z/01 $2Trx $#migratsioonid $#migracijos $#migrations $#migrációk $#migracje $#migrácie $#migrace $8--Trx--Migrationen $x06 $9391383477 
244Z/01 $2Trx $8--Trx--Monographie $x07 $9391384546 
245Z/01 $a06.01 $x01 
247C/01 $82080>Marburg/Lahn, Herder-Institut, Forschungsbibliothek, Bibliographieportal $9336309341 

lok: 19411586 205

exp: 19411586 205 1 #EPN
201B/01 $010-03-18 $t08:06:55.000 
201C/01 $008-04-08 
201U/01 $0utf8 
203@/01 $0542136724 
208@/01 $a08-04-08 $bz 
209A/01 $a001 LCZ SLV 676 $db $f000 $x00 
209B/01 $a80 $x05 
209C/01 $a34 2008/0063 
209C/01 $anel0804bethno 
209G/01 $a66631958 $x00 
209G/01 $aFreihandbereich $x01 
220B/01 $aaltbik364 
247C/01 $8351000-1 <4>Marburg, Universität Marburg, Universitätsbibliothek $9102594767
LEADER 00000cam a2200000 c 4500
001 194115860
003 DE-603
005 20240729090014.0
007 tu
008 080108s2007 xx |||| | u00||u|ger
015 |a 08,A08,2392  |z 07,N24,2576  |2 dnb 
016 7 |2 DE-101  |a 984249729 
020 |a 9783412200480  |c Pb. : ca. EUR 37.90, ca. EUR 39.00 (AT) 
020 |a 3412200484  |c Pb. : ca. EUR 37.90, ca. EUR 39.00 (AT) 
024 3 |a 9783412200480 
035 |a (DE-599)DNB984249729 
035 |a (OCoLC)229969258 
040 |a DE-603  |b ger  |c DE-603  |d DE-603 
041 |a ger 
082 0 4 |8 1\u  |a 949.84  |q DE-101  |2 22/ger 
083 0 |8 2\u  |a 200.9498  |q DE-101  |2 23/BSB 
084 |a 940  |q DE-101  |2 sdnb 
085 |8 1\u  |b 949.8 
085 |8 1\u  |z 2  |s 4984 
085 |8 2\u  |b 200.9 
085 |8 2\u  |z 2  |s 498 
100 1 |a Philippi, Paul  |d 1923-2018  |e Verfasser  |4 aut  |0 (DE-603)087153920  |0 (DE-588)118813358  |2 gnd 
245 0 0 |a Land des Segens?  |b Fragen an die Geschichte Siebenbürgens und seiner Sachsen  |c Paul Philippi 
250 |a 1. Auflage 
264 1 |a Köln  |b Böhlau Köln  |c 2007 
300 |a 384 Seiten 
336 |a Text  |b txt  |2 rdacontent 
337 |a ohne Hilfsmittel zu benutzen  |b n  |2 rdamedia 
338 |a Band  |b nc  |2 rdacarrier 
490 1 |a Siebenbürgisches Archiv  |v 39 
648 7 |a Geschichte  |2 gnd 
651 7 |a Siebenbürgen  |0 (DE-588)4054835-1  |0 (DE-603)085152552  |2 gnd 
830 0 |t Siebenbürgisches Archiv  |v 39  |w (DE-603)009887555  |w (DE-600)532347-2  |9 239  |7 as 
856 4 2 |q text/html  |u http://deposit.dnb.de/cgi-bin/dokserv?id=2958772&prov=M&dok_var=1&dok_ext=htm  |3 Inhaltstext 
856 4 2 |m V:DE-603;B:DE-Mb50  |q application/pdf  |u http://scans.hebis.de/HEBCGI/show.pl?19411586_toc.pdf  |3 Inhaltsverzeichnis 
924 0 |9 Mb 50  |a (DE-603)522925367  |b DE-Mb50  |c HES  |d c  |g 07.6545 
924 0 |9 2080  |a (DE-603)791859037  |b DE-2080  |c HES  |d d  |g / 
924 0 |9 4  |a (DE-603)542136724  |b DE-4  |c HES  |d c  |g 001 LCZ SLV 676  |h Freihandbereich